000 00295nam a22001337a 4500
008 170930b xxu||||| |||| 00| 0 eng d
020 _a9782831513546
041 _aeng
080 _a37
100 _a47
101 _aEDU
245 _aGERMAN GRAMMAR HANDBOOK
_cWIGHTWICK, CH
942 _2udc
_cBK
999 _c30917
_d30917